| 000 | 01079nam a2200289 a 4500 | ||
|---|---|---|---|
| 001 | 52451 | ||
| 003 | BD-RjUL | ||
| 005 | 20211209075816.0 | ||
| 008 | 160920s1959 enka b 001 0 eng | ||
| 035 | _a(BD-RjUL)52571 | ||
| 040 |
_aDLC/ICU _cICU _dDLC _dBD-RjUL _beng |
||
| 041 | 1 | _aengrus | |
| 082 | 0 | 0 |
_a530.143 _223 _bBOI 1959 |
| 100 | 1 |
_aBogoli︠u︡bov, N. N. _q(Nikolaĭ Nikolaevich), _d1909-1992. _9156905 |
|
| 245 | 1 | 0 |
_aIntroduction to the theory of quantized fields _c[by] N.N. Bogoliubov [and] D.V. Shirkov. |
| 250 | _aAuthorized English ed., | ||
| 260 |
_aNew York : _bInterscience Publishers, _c1959. |
||
| 300 |
_axiv, 720 p. _bill. ; _c24 cm. |
||
| 490 | 1 |
_aInterscience monographs in physics and astronomy, _vv. 3 |
|
| 500 | _aIncludes index | ||
| 650 | 0 |
_aQuantum field theory. _9118408 |
|
| 700 | 1 |
_aShirkov, D. V. _q(Dmitriĭ Vasilʹevich), _ejoint author. _9156906 |
|
| 830 | 0 |
_aInterscience monographs in physics and astronomy ; _vv. 3. _9156907 |
|
| 942 |
_2ddc _cBK |
||
| 999 |
_c52451 _d52451 |
||